000
00305nam a2200121 a 4500
008
101209s2008|||| d
100
1
_a
Remišová, A.
245
1
0
_a
Dejiny etického myslenia v Európe a v USA
260
_b
Kaligram
_a
Bratislava
_c
2008
020
_c
896
041
_a
slo
044
_a
xo
_c
SK
999
_c
15038
_d
15038